00517nam a2200193 a 4500001001300000003000900013005001700022008004100039020001000080082001500090100001900105245004000124260004800164300000900212500003500221505001700256650003100273700001900304nice12345678IN_TiNIC20260116011429.0050524s1963 laha grp 000 0 urd  ac10000a270.3bKHU aKhurshid, Alam aTawarikh-I-Kalisiya-I-Romatul Kubra aLahorebPunjab Religious Booksociety c1963 a192p aincludes index and biblioraphy2 abibliography aChurch-History Middle Ages1 aKhurshid, Alam